| 000 | 01353nam a2200361 a 4500 | ||
|---|---|---|---|
| 003 | BLK | ||
| 005 | 20230801122140.0 | ||
| 008 | 180410b bul|||||r ||||||| ||bul|| | ||
| 010 | _aKNG00158946000 | ||
| 040 | _aBLK | ||
| 041 |
_aBUL _cBUL |
||
| 080 |
_aИстория на музиката _b78.03 _x(497.2) _z78.03(497.2) |
||
| 100 |
_aХлебаров, Иван Атанасов _d1934-2015 _9375378 |
||
| 139 |
_aХлебаров, Иван Атанасов _bХ 56 |
||
| 245 | 1 | 0 |
_aИстория на българската музикална култура _bУвод _cИван Атанасов Хлебаров. |
| 257 | _aBGR | ||
| 260 |
_aСофия _bМузика _c1985 _fЯмбол : Г. Димитров |
||
| 300 |
_a240 с. _bс ноти _c22 см |
||
| 380 | _a7 | ||
| 500 | _a4 104 тир. - Библиогр. с. 231-237. - Цена 0,90 лв. | ||
| 650 | 4 |
_aМузика - България - история _9261617 |
|
| 651 | 4 |
_aБългария _9241624 |
|
| 653 | _aистория на музиката | ||
| 653 | _aбългарска музика | ||
| 653 | _aБългария | ||
| 852 |
_aЦб 138325 _bЦб |
||
| 856 | 4 | _qpdf | |
| 856 | 4 | _qpdf | |
| 942 |
_cKNG _n0 _04 |
||
| 944 |
_aCR _c01.04.2014 _lТеодора Пейчева-Дянкова _k30556 |
||
| 944 |
_aED _c11.07.2023 _kир |
||
| 999 |
_c152465 _d152465 |
||
| 999 | _d152465 | ||